00631nam a2200241 a 4500001001300000003000900013005001700022008004100039020000800080082001300088100001900101245003700120260002500157300000900182500003500191505001000226650001300236700001900249902000800268942000700276952009100283999001500374nice12345678IN_TiNIC20260116011630.0050524s1968 lona grp 000 0 eng  ac600a200bPAR aParrinder, E G aIntroduction to Asian Religions. aLondon bSPCK c1968 a138p aincludes index and biblioraphy2 aIndex aReligion1 aParrinder, E G bSRS cBK 00104070aHMIbHMId2005-05-24g6.00l0o200 PARp05480r2005-05-24w2026-01-16yEB c3006d3006